000 00817nam a2200277 a 4500
001 54797
003 BD-RjUL
005 20211209080153.0
008 161110s1957 enk 001 0 eng d
020 _a0335150829 pbk
020 _a0335150918
035 _a(BD-RjUL)54919
040 _aBD-RjUL
_beng
_cBD-RjUL
_dBD-RjUL
041 _aeng
082 _a821.7
_223
_bSHE 1957
245 1 0 _aShelley :
_cpoems published in 1820 /
_bA M D Hughes
250 _a2nd ed.
260 _aOxford : 1957.
_b At the Clarendon Press,
_c1957.
300 _axliii, 229 p ;
_c22 cm
504 _aIncludes bibliography and index
600 1 0 _aShelley, Percy Bysshe,
_d1792-1822
_xCriticism and interpretation.
_9117337
700 _aHughes, A M D
_9163344
942 _2ddc
_cBK
999 _c54797
_d54797